[Event "DRUZYNOWE MISTRZOSTWA POLSKI - II LIGA 2018"]
[Site "Jastrzebia Gora"]
[Date "1899-12-30"]
[Round "3.39"]
[White "Maciaga, Marcin"]
[Black "Pazdziora, Michal"]
[Result "1-0"]
[WhiteTitle "k+"]
[BlackTitle "k"]
[WhiteElo "2117"]
[BlackElo "2211"]

1. c4 Nf6 2. Nf3 c6 3. g3 d5 4. d4 Bf5 5. Nc3 e6 6. Nh4 Bg4 7. h3 Bh5 8. g4 Nfd7
9. Ng2 Bg6 10. Nf4 dxc4 11. h4 h6 12. Nxg6 fxg6 13. e3 Nb6 14. Qc2 Qf6 15. Bd2
Na6 16. O-O-O Nb4 17. Qe4 O-O-O 18. Kb1 Bd6 19. f4 Kb8 20. Bc1 N4d5 21. Qc2 Nb4
22. Qe4 N4d5 23. Bd2 Rhe8 24. Qg2 Nxc3+ 25. bxc3 g5 26. fxg5 hxg5 27. h5 Rf8 28.
Be2 Qf2 29. Rhg1 Bh2 30. Rdf1 Qxg2 31. Rxg2 Rxf1+ 32. Bxf1 Rf8 33. Be2 Bd6 34.
e4 Be7 35. Be3 Na4 36. Kc2 b5 37. Rh2 c5 38. h6 gxh6 39. Rxh6 cxd4 40. cxd4 Rf6
41. Rh8+ Bf8 42. e5 Rf7 43. d5 exd5 44. e6 Re7 45. Rxf8+ Kc7 46. Rf7 Kd6 47. Rxe7
Kxe7 48. Bxg5+ Kxe6 49. Be3 b4 50. Bxa7 Nc3 51. Bf3 Nxa2 52. g5 b3+ 53. Kb2 Nb4
54. Bg4+ Kf7 55. Bh5+ Kg8 56. Bd4 Nd3+ 57. Kb1 Nf4 58. Bg4 Kf7 59. Bf5 Nh5 60.
g6+ Kf8 61. Be6 Ke7 62. Bxd5 Nf6 63. g7 1-0

[Event "DRUZYNOWE MISTRZOSTWA POLSKI - II LIGA 2018"]
[Site "Jastrzebia Gora"]
[Date "1899-12-30"]
[Round "3.40"]
[White "Drozniak, Stanislaw"]
[Black "Choroszej, Aleksander"]
[Result "1/2-1/2"]
[WhiteTitle "I++"]
[BlackTitle "k"]
[WhiteElo "2043"]
[BlackElo "2054"]

1. e4 g6 2. d4 Bg7 3. Nc3 d6 4. f4 Nf6 5. Nf3 O-O 6. e5 Nfd7 7. h4 c5 8. h5 cxd4
9. hxg6 dxc3 10. gxf7+ Rxf7 11. Bc4 e6 12. Ng5 Nxe5 13. Qh5 h6 14. fxe5 hxg5 15.
Qh7+ Kf8 16. Qh8+ Bxh8 17. Rxh8+ Kg7 18. Rxd8 Nc6 19. Rxd6 Nxe5 20. Be2 Bd7 21.
Be3 cxb2 22. Rb1 Kf6 23. Rxb2 Bc6 24. Bd4 Kf5 25. c3 Rd7 26. Rxd7 Nxd7 27. Bd3+
Kg4 28. Rf2 Rf8 29. Bxa7 Rxf2 30. Kxf2 Ne5 31. Be2+ Kf5 32. Bd4 Bd5 33. a3 1/2-1/2

[Event "DRUZYNOWE MISTRZOSTWA POLSKI - II LIGA 2018"]
[Site "Jastrzebia Gora"]
[Date "1899-12-30"]
[Round "3.41"]
[White "Krasiewicz, Robert"]
[Black "Galuszka, Tomasz"]
[Result "1-0"]
[WhiteTitle "k+"]
[BlackTitle "I++"]
[WhiteElo "1965"]
[BlackElo "2090"]

1. c4 e5 2. g3 Nc6 3. Bg2 g6 4. Nc3 Bg7 5. d3 d6 6. e4 Nge7 7. Nge2 O-O 8. O-O
Nd4 9. Nxd4 exd4 10. Ne2 c5 11. Bf4 h6 12. h4 Be6 13. Qd2 Kh7 14. b4 Nc6 15. a3
Qd7 16. Rab1 f6 17. Qd1 Rf7 18. Bc1 f5 19. Nf4 fxe4 20. Nxe6 Qxe6 21. Bxe4 Ne5
22. h5 Qh3 23. hxg6+ Nxg6 24. bxc5 dxc5 25. Rxb7 Rxb7 26. Bxb7 Rf8 27. Bg2 Qe6
28. Qe1 Qf6 29. Qe4 Kh8 30. f4 h5 31. Qd5 Qf5 32. Qxf5 Rxf5 33. Re1 h4 34. Re8+
Rf8 35. Rxf8+ Bxf8 36. Be4 Ne7 37. g4 Nc8 38. f5 Bd6 39. Kg2 Bg3 40. Bg5 Kg7 41.
Kh3 Nd6 42. Bd5 a5 43. a4 Ne8 44. Bxh4 Bxh4 45. Kxh4 Kf6 46. Be6 Nd6 47. g5+ Ke5
48. Kg4 Ne8 49. Bd5 Nc7 50. f6 Kd6 51. g6 1-0

[Event "DRUZYNOWE MISTRZOSTWA POLSKI - II LIGA 2018"]
[Site "Jastrzebia Gora"]
[Date "1899-12-30"]
[Round "3.42"]
[White "Buchta, Agnieszka"]
[Black "Andrejczuk, Beata"]
[Result "1/2-1/2"]
[WhiteTitle "I++"]
[BlackTitle "WFM"]
[WhiteElo "1852"]
[BlackElo "2057"]

1. e4 d5 2. exd5 Qxd5 3. Nf3 Nf6 4. d4 c6 5. Be2 Bg4 6. O-O e6 7. c4 Qa5 8. Nc3
Nbd7 9. h3 Bh5 10. Be3 Bd6 11. a3 O-O 12. b4 Qd8 13. Qb3 Rc8 14. Rfd1 Qc7 15.
d5 exd5 16. cxd5 Ne5 17. Nxe5 Bxe5 18. Bxh5 Nxh5 19. Rac1 Nf4 20. Qa2 Bxc3 21.
Bxf4 Qxf4 22. Rxc3 cxd5 23. Rxc8 Rxc8 24. Qxd5 Qc7 25. Qd7 g6 26. Qxc7 Rxc7 27.
Rd3 a6 28. g3 Kg7 29. Kg2 Kf6 30. Kf3 Ke5 31. Ke4+ 1/2-1/2

[Event "DRUZYNOWE MISTRZOSTWA POLSKI - II LIGA 2018"]
[Site "Jastrzebia Gora"]
[Date "1899-12-30"]
[Round "3.43"]
[White "Dlugosz, Jedrzej"]
[Black "Teclaf, Pawel"]
[Result "1-0"]
[WhiteTitle "m"]
[BlackTitle "CM"]
[WhiteElo "2367"]
[BlackElo "2390"]

1. e4 c6 2. d4 d5 3. Nc3 dxe4 4. Nxe4 Bf5 5. Nc5 e5 6. Nxb7 Qb6 7. Nc5 exd4 8.
Nb3 Bb4+ 9. Bd2 Nf6 10. Qe2+ Be6 11. Bxb4 Qxb4+ 12. Qd2 Qe7 13. O-O-O c5 14. Bb5+
Nbd7 15. Nf3 O-O 16. Rhe1 Qd6 17. Qa5 Bd5 18. Nbd2 Nb6 19. Kb1 Ng4 20. Re2 a6
21. Bd3 c4 22. Bf5 d3 23. cxd3 cxd3 24. Bxd3 Bxa2+ 25. Kxa2 Qxd3 26. Rde1 Rab8
27. Qb4 h5 28. Qb3 Nd5 29. Qxd3 Nb4+ 30. Ka3 Nxd3 31. Rb1 Rb5 32. Re4 Rfb8 33.
b3 Ngxf2 34. Rc4 Ra5+ 35. Ra4 Rxa4+ 36. Kxa4 Nd1 37. Ka3 Ne3 38. Nd4 Nxg2 39.
b4 Ngf4 40. Rb3 Rc8 41. Ka4 Rc4 42. Nxc4 g5 43. Ka5 g4 44. Ne2 Kh7 45. Nxf4 Nxf4
46. Kxa6 f5 47. b5 Ne6 48. b6 f4 49. Rb5 Nd8 50. Rxh5+ Kg6 51. Rd5 1-0

[Event "DRUZYNOWE MISTRZOSTWA POLSKI - II LIGA 2018"]
[Site "Jastrzebia Gora"]
[Date "1899-12-30"]
[Round "3.44"]
[White "Bartkowiak, Damian"]
[Black "Wyczling, Bartosz"]
[Result "1/2-1/2"]
[WhiteTitle "k"]
[BlackTitle "k"]
[WhiteElo "2148"]
[BlackElo "2216"]

1. d4 Nf6 2. c4 c5 3. d5 b5 4. cxb5 a6 5. b6 d6 6. Nc3 Nbd7 7. e4 g6 8. Nf3 Bg7
9. Be2 O-O 10. Nd2 Nxb6 11. a4 Rb8 12. a5 Na8 13. Nc4 Nd7 14. Na4 Nc7 15. Nab6
Nxb6 16. Nxb6 Nb5 17. O-O Nd4 18. Rb1 e6 19. b4 exd5 20. exd5 Nxe2+ 21. Qxe2 Re8
22. Be3 cxb4 23. Rxb4 Bc3 24. Ra4 Bd7 25. Nxd7 Qxd7 26. Ra3 Bb4 27. Rb3 Bxa5 28.
Rxb8 Rxb8 29. Qxa6 Bc3 30. Qc6 Qxc6 31. dxc6 Rc8 32. Rc1 Ba5 33. Kf1 Kf8 34. Ke2
Ke7 35. Ra1 Bd8 36. Ra6 Ke6 37. Bf4 Kd5 38. Ra7 Bc7 39. Ra6 Kc5 40. g4 f6 41.
Ra3 Re8+ 42. Re3 Rxe3+ 43. Bxe3+ Kxc6 44. Bd4 Bd8 45. f3 Kd5 46. Kd3 Ke6 47. Ke4
Bc7 48. h3 d5+ 49. Kd3 Be5 50. Be3 g5 51. Bf2 Kd6 52. Be3 Kc6 53. Bf2 Kb5 54.
Be3 Kc6 1/2-1/2

[Event "DRUZYNOWE MISTRZOSTWA POLSKI - II LIGA 2018"]
[Site "Jastrzebia Gora"]
[Date "1899-12-30"]
[Round "3.45"]
[White "Kindler, Przemyslaw"]
[Black "Paszek, Krzysztof"]
[Result "0-1"]
[WhiteTitle "k"]
[BlackTitle "k"]
[WhiteElo "2109"]
[BlackElo "2128"]

1. e4 c5 2. Nf3 d6 3. d3 Nc6 4. g3 g6 5. Bg2 Bg7 6. O-O e5 7. Nc3 Nge7 8. Be3 O-O
9. Qd2 Nd4 10. Bh6 Nxf3+ 11. Bxf3 Bh3 12. Bg2 Bxg2 13. Kxg2 d5 14. Bxg7 Kxg7 15.
Rae1 dxe4 16. Rxe4 Nc6 17. f4 f5 18. Re2 exf4 19. Qxf4 Qd4 20. Qf3 Rae8 21. Rfe1
Qd7 22. Qd5 Qxd5+ 23. Nxd5 Rxe2+ 24. Rxe2 Kf7 25. c3 Rd8 26. Nf4 Rd6 27. Re3 g5
28. Ne2 Kf6 29. Nc1 Ne5 30. Kf1 h5 31. Ke2 f4 32. gxf4 gxf4 33. Re4 Kf5 34. Ra4
Rg6 35. d4 Rg2+ 36. Kf1 Rxh2 37. dxe5 Rh1+ 38. Kf2 Rxc1 39. Rxa7 Rc2+ 40. Kf3
Rxb2 41. e6 Kxe6 42. Kxf4 Kd5 43. Ke3 Kc4 44. Ke4 b5 45. Rh7 Rxa2 46. Rxh5 Re2+
47. Kf5 Kxc3 0-1

[Event "DRUZYNOWE MISTRZOSTWA POLSKI - II LIGA 2018"]
[Site "Jastrzebia Gora"]
[Date "1899-12-30"]
[Round "3.46"]
[White "Niemier, Hubert"]
[Black "Piliczewski, Bogusz"]
[Result "1-0"]
[WhiteTitle "I"]
[BlackTitle "I+"]
[WhiteElo "1838"]
[BlackElo "2042"]

1. d4 d5 2. c4 c6 3. Nf3 Nf6 4. Nc3 e6 5. Bg5 Nbd7 6. e3 Qa5 7. Nd2 Bb4 8. Qc2
O-O 9. Nb3 Qc7 10. Be2 dxc4 11. Bxc4 Bd6 12. h3 h6 13. Bxf6 Nxf6 14. O-O e5 15.
Rfd1 Qe7 16. d5 b5 17. Bf1 b4 18. Ne4 Nxe4 19. Qxe4 f5 20. Qc4 c5 21. Nxc5 e4
22. Ne6 Rf6 23. Qd4 Kh7 24. Bc4 Bxe6 25. dxe6 Rd8 26. Kh1 Rff8 27. Bd5 Bb8 28.
Qc4 Qd6 29. g3 Rc8 30. Qe2 Qe5 31. Bb3 Rfd8 32. Rd7 Rxd7 33. exd7 Rd8 34. Rd1
Qe7 35. Qb5 g6 36. Kg2 h5 37. Qd5 Kg7 38. h4 Qf6 39. Rc1 Qe7 40. Ba4 Qd6 41. Qa5
Qf8 42. Qa6 Be5 43. Rc2 Qe7 44. Rc6 Bf6 45. Re6 Qf7 46. Re8 g5 47. hxg5 Bxg5 48.
Qc8 Qf6 49. Bb3 h4 50. Qc4 hxg3 51. Qg8+ Kh6 52. Bf7 Rxd7 53. Re6 Qxe6 54. Qh8#
1-0

[Event "DRUZYNOWE MISTRZOSTWA POLSKI - II LIGA 2018"]
[Site "Jastrzebia Gora"]
[Date "1899-12-30"]
[Round "3.47"]
[White "Paziak, Patryk"]
[Black "Olejarczyk, Wojciech"]
[Result "1-0"]
[WhiteTitle "I"]
[BlackTitle "I"]
[WhiteElo "1803"]
[BlackElo "1815"]

1. e4 c5 2. Nf3 g6 3. d4 cxd4 4. Nxd4 Bg7 5. c4 Nc6 6. Be3 Nf6 7. Nc3 O-O 8. Be2
b6 9. O-O Bb7 10. f3 d6 11. Qd2 Rc8 12. Rac1 Nd7 13. Rfd1 Nc5 14. Bf1 Qd7 15.
Nxc6 Bxc6 16. Bd4 Qe6 17. Bxg7 Kxg7 18. b4 Nd7 19. Qd4+ Qe5 20. f4 Qxd4+ 21. Rxd4
Rc7 22. Rcd1 f6 23. g3 Rb8 24. Bh3 Nf8 25. Kf2 Kf7 26. Ke3 a6 27. R4d2 Bd7 28.
Bf1 Be6 29. Nd5 Rc6 30. a4 Nd7 31. Rb1 Rcc8 32. Rdb2 f5 33. a5 fxe4 34. axb6 Nxb6
35. Kd4 Bf5 36. Ra1 e6 37. Ne3 e5+ 38. fxe5 dxe5+ 39. Kxe5 Re8+ 40. Kf4 Bc8 41.
c5 h6 42. g4 Nd7 43. Kg3 Nxc5 44. Rf2+ Kg7 45. bxc5 Rb3 46. Re1 Re5 47. Bc4 Rb8
48. Rf7+ Kh8 49. Rf8+ Kg7 50. Ref1 h5 51. R1f7+ Kh6 52. Rh8+ Kg5 53. h4# 1-0

[Event "DRUZYNOWE MISTRZOSTWA POLSKI - II LIGA 2018"]
[Site "Jastrzebia Gora"]
[Date "1899-12-30"]
[Round "3.48"]
[White "Huchwajda, Katarzyna"]
[Black "Kindler, Karolina"]
[Result "1-0"]
[WhiteTitle "I++"]
[BlackTitle "I++"]
[WhiteElo "1766"]
[BlackElo "1632"]

1. e4 c5 2. Nf3 e6 3. d4 cxd4 4. Nxd4 Nf6 5. Nc3 d6 6. Be3 a6 7. f3 Be7 8. Qd2
b5 9. g4 Bb7 10. O-O-O Nfd7 11. Kb1 Nb6 12. b3 N8d7 13. Bg2 Rc8 14. f4 Qc7 15.
Nce2 Nf6 16. Ng3 Nxg4 17. Bg1 Nf6 18. Be3 d5 19. e5 Ne4 20. Nxe4 dxe4 21. Ne2
O-O 22. c3 Bc5 23. Kb2 Qe7 24. Bxc5 Qxc5 25. Qd4 Qc6 26. Ng3 Nd5 27. Bxe4 Rfd8
28. Rhg1 Qc7 29. Bxd5 Rxd5 30. Qe3 Rc5 31. Rc1 Qc6 32. Nh5 g6 33. Nf6+ Kg7 34.
Qh3 Rh8 35. Ng4 h6 36. Qh4 Qf3 37. Qf2 Qxf2+ 38. Nxf2 Rd8 39. Rcd1 Rcd5 40. Rxd5
Rxd5 41. Kc2 h5 42. Ne4 Kf8 43. b4 Ke7 44. Nc5 Bc8 45. a4 bxa4 46. Nxa4 Bd7 47.
Nb6 Rb5 48. Nc4 Rb7 49. Ra1 f6 50. Nd6 Rb6 51. Rg1 fxe5 52. fxe5 Be8 53. Nc8+
1-0

[Event "DRUZYNOWE MISTRZOSTWA POLSKI - II LIGA 2018"]
[Site "Jastrzebia Gora"]
[Date "1899-12-30"]
[Round "3.49"]
[White "Karpus, Michal"]
[Black "Schmidt, Wlodzimierz"]
[Result "1/2-1/2"]
[WhiteTitle "FM"]
[BlackTitle "GM"]
[WhiteElo "2382"]
[BlackElo "2250"]

1. e4 e6 2. d4 d5 3. Nd2 c5 4. exd5 exd5 5. Ngf3 Nc6 6. Bb5 Bd6 7. O-O Nge7 8.
dxc5 Bxc5 9. Nb3 Bd6 10. Re1 O-O 11. Bd3 h6 12. h3 Nf5 13. c3 Bc7 14. Bc2 Qd6
15. Qd3 g6 16. g4 Bb6 17. Kg2 Bxf2 18. Kxf2 Qg3+ 19. Ke2 Qxh3 20. gxf5 Bxf5 21.
Qxf5 Rfe8+ 22. Kf2 gxf5 23. Rg1+ Kf8 24. Bf4 Re6 25. Nbd4 Nxd4 26. Nxd4 Rae8 27.
Nxe6+ Rxe6 28. Rae1 Qh4+ 29. Bg3 Qf6 30. Bf4 Qh4+ 31. Bg3 Qf6 32. Kf3 d4 33. Bb3
Rxe1 34. Rxe1 dxc3 35. bxc3 Qxc3+ 36. Ke4 1/2-1/2

[Event "DRUZYNOWE MISTRZOSTWA POLSKI - II LIGA 2018"]
[Site "Jastrzebia Gora"]
[Date "1899-12-30"]
[Round "3.50"]
[White "Walaszczyk, Witold"]
[Black "Krainski, Aleksander"]
[Result "1-0"]
[WhiteTitle "k"]
[BlackTitle "FM"]
[WhiteElo "2100"]
[BlackElo "2185"]

1. d4 d5 2. Nf3 Nf6 3. g3 c6 4. Bg2 Bf5 5. O-O e6 6. c4 Nbd7 7. Nh4 Bxb1 8. Rxb1
Be7 9. b3 O-O 10. Bb2 Ne4 11. Bxe4 Bxh4 12. Bg2 Be7 13. e4 dxe4 14. Bxe4 Nf6 15.
Bf3 a5 16. Qc2 Qc7 17. Rfd1 Rfd8 18. h4 a4 19. Bc3 axb3 20. axb3 Ra3 21. Ra1 Rda8
22. Rxa3 Rxa3 23. Rb1 h6 24. Qb2 Ra7 25. Qe2 Ra3 26. Qd3 b5 27. Bb2 Ra2 28. cxb5
cxb5 29. Rc1 Qb8 30. Qb1 Ra7 31. Rc6 Rd7 32. Qc2 Rd8 33. Bc1 Bf8 34. Bf4 Qa7 35.
Be5 Nd7 36. Bc7 Re8 37. d5 Qa1+ 38. Kg2 Ne5 39. dxe6 Rxe6 40. Rxe6 fxe6 41. Be4
Qd4 42. Qe2 Kh8 43. g4 Qc5 44. Bb8 Nd7 45. Bf4 Bd6 46. Bxd6 Qxd6 47. Qxb5 Qf4
48. Qe2 Ne5 49. f3 h5 50. Qc2 g6 51. Qc8+ Kg7 52. Qc7+ Kf8 53. Qd8+ Kf7 54. gxh5
gxh5 55. Qg5 1-0

[Event "DRUZYNOWE MISTRZOSTWA POLSKI - II LIGA 2018"]
[Site "Jastrzebia Gora"]
[Date "1899-12-30"]
[Round "3.51"]
[White "Krainski, Slawomir"]
[Black "Swiatnicki, Andrzej"]
[Result "1-0"]
[WhiteTitle "k"]
[BlackTitle "k"]
[WhiteElo "2098"]
[BlackElo "2008"]

1. d4 d5 2. Nf3 Nf6 3. Bf4 c6 4. e3 Bg4 5. Nbd2 e6 6. h3 Bh5 7. g4 Bg6 8. Ne5 Nfd7
9. h4 Nxe5 10. Bxe5 h6 11. h5 Bh7 12. Bd3 Bxd3 13. cxd3 Nd7 14. Bg3 Qb6 15. O-O
Be7 16. Nf3 O-O 17. Bf4 Rac8 18. g5 hxg5 19. Bxg5 Qd8 20. Bf4 c5 21. dxc5 Rxc5
22. d4 Rc6 23. Kh1 Bd6 24. Bg5 f6 25. Bh4 Qe8 26. Nh2 Bxh2 27. Kxh2 f5 28. Rg1
Nf6 29. Bxf6 Rxf6 30. Qf3 f4 31. Rg5 Qf8 32. Rag1 Rc7 33. e4 dxe4 34. Qxe4 f3
35. R1g4 Qd6+ 36. Qe5 Qxe5+ 37. dxe5 Rf5 38. h6 Kh7 39. Rxf5 exf5 40. Rxg7+ Rxg7
41. hxg7 Kxg7 42. Kg3 Kg6 43. Kxf3 Kg5 44. Ke3 f4+ 45. Ke4 f3 46. Kd5 1-0

[Event "DRUZYNOWE MISTRZOSTWA POLSKI - II LIGA 2018"]
[Site "Jastrzebia Gora"]
[Date "1899-12-30"]
[Round "3.52"]
[White "Smagalski, Slawomir"]
[Black "Szczesniak, Andrzej"]
[Result "1/2-1/2"]
[WhiteTitle "I+"]
[BlackTitle "k"]
[WhiteElo "1911"]
[BlackElo "1934"]

1. Nf3 d5 2. c4 c6 3. b3 Nf6 4. g3 Bf5 5. Bg2 e6 6. O-O h6 7. Bb2 Be7 8. d3 O-O
9. Nbd2 a5 10. a3 Qb6 11. Qc2 Bh7 12. Rfe1 Nbd7 13. Bc3 Ng4 14. e3 Nc5 15. Bf1
dxc4 16. bxc4 Rfd8 17. Bd4 e5 18. Bxc5 Bxc5 19. Ne4 Bxe4 20. dxe4 Qc7 21. Qc3
Re8 22. Nd2 Qe7 23. Be2 Nf6 24. Red1 Red8 25. Kg2 Bd6 26. h3 Nd7 27. Nf3 a4 28.
Nh4 g6 29. Bd3 Rab8 30. Bc2 b5 31. cxb5 cxb5 32. Qb2 Nf6 33. Qa2 Kg7 34. Nf3 Qb7
35. Qb1 Qe7 36. Qa2 Qb7 37. Qb1 Qe7 38. Qa2 Qb7 39. Qb1 Ra8 40. Rh1 1/2-1/2

[Event "DRUZYNOWE MISTRZOSTWA POLSKI - II LIGA 2018"]
[Site "Jastrzebia Gora"]
[Date "1899-12-30"]
[Round "3.54"]
[White "Bukowska, Katarzyna"]
[Black "Pacuszka, Wioletta"]
[Result "1/2-1/2"]
[WhiteTitle "k++"]
[BlackTitle "I++"]
[WhiteElo "1914"]
[BlackElo "1902"]

1. e4 c5 2. Nf3 e6 3. d4 cxd4 4. Nxd4 a6 5. Be2 Qc7 6. O-O Nf6 7. Nc3 d6 8. Be3
b5 9. a4 b4 10. Na2 Bb7 11. c3 b3 12. Qxb3 Bxe4 13. Nb4 Be7 14. Rfe1 O-O 15. a5
Qb7 16. f3 Bg6 17. Qd1 e5 18. Ndc2 Nbd7 19. Bd3 Bxd3 20. Nxd3 Nd5 21. Bf2 Rac8
22. Ncb4 Nxb4 23. Nxb4 Nf6 24. Qd3 Ra8 25. Rad1 d5 26. Nxd5 Nxd5 27. Qxd5 Qxb2
28. Qxe5 Bf6 29. Qe2 Qxe2 30. Rxe2 Bxc3 31. Bb6 Rfe8 32. Kf2 1/2-1/2

[Event "DRUZYNOWE MISTRZOSTWA POLSKI - II LIGA 2018"]
[Site "Jastrzebia Gora"]
[Date "1899-12-30"]
[Round "3.55"]
[White "Garbowski, Jakub"]
[Black "Goluch, Piotr"]
[Result "1-0"]
[WhiteTitle "k"]
[BlackTitle "FM"]
[WhiteElo "2169"]
[BlackElo "2299"]

1. e4 c6 2. d4 d5 3. Nd2 dxe4 4. Nxe4 Nd7 5. Nf3 Ngf6 6. Ng3 e6 7. Bd3 Bd6 8. O-O
O-O 9. Re1 Qc7 10. Ne4 Be7 11. Qe2 Re8 12. Ne5 Nxe4 13. Qxe4 Nf8 14. Bf4 Qa5 15.
Qf3 f6 16. Nc4 Qd5 17. Qg3 b5 18. Na5 f5 19. Be2 b4 20. Nb3 Bd7 21. Bh5 Red8 22.
Re5 Qc4 23. Be2 Qxc2 24. Bd3 Qxb2 25. Rb1 Qxa2 26. Ra5 Qxa5 27. Nxa5 Be8 28. Be5
Ng6 29. Bc4 Bd7 30. Qb3 Kf7 31. Nb7 Re8 32. Bd6 a5 33. Bxe7 Rxe7 34. Nc5 Nf4 35.
Qg3 Nd5 36. Qd6 Ra7 37. Nd3 Be8 38. Ne5+ Kf6 39. Bxd5 cxd5 40. Nd3 Bd7 41. Re1
Kf7 42. Ne5+ Kf6 43. g4 Be8 44. gxf5 b3 45. fxe6 h5 46. Qxd5 a4 47. h4 b2 48.
Ng4+ Kg6 1-0

[Event "DRUZYNOWE MISTRZOSTWA POLSKI - II LIGA 2018"]
[Site "Jastrzebia Gora"]
[Date "1899-12-30"]
[Round "3.56"]
[White "Lukasiewicz, Krzysztof"]
[Black "Kolosowski, Pawel"]
[Result "1-0"]
[WhiteTitle "k"]
[BlackTitle "m"]
[WhiteElo "2242"]
[BlackElo "2208"]

1. e4 e5 2. Nf3 Nc6 3. Bc4 Nf6 4. d3 Bc5 5. Bb3 d6 6. c3 a6 7. O-O Ba7 8. Nbd2
Be6 9. h3 h6 10. Re1 Qd7 11. Nf1 g5 12. Be3 g4 13. Bxa7 gxf3 14. Qxf3 Ke7 15.
Be3 Rag8 16. Kh1 Rg6 17. d4 exd4 18. Bxd4 Rhg8 19. Ne3 Nxd4 20. cxd4 Nh7 21. d5
Bxh3 22. Nf5+ Kd8 23. Qxh3 Ng5 24. Qe3 f6 25. Rac1 b6 26. Qd3 Ke8 27. Qxa6 Kf7
28. Ba4 Nf3 29. Bxd7 Rg5 30. Be6+ Kg6 31. g3 Kh5 32. Bf7+ Kg4 33. Ne3+ Kh3 34.
Qf1# 1-0

[Event "DRUZYNOWE MISTRZOSTWA POLSKI - II LIGA 2018"]
[Site "Jastrzebia Gora"]
[Date "1899-12-30"]
[Round "3.57"]
[White "Stachanczyk, Jacek"]
[Black "Jankowiak, Tomasz"]
[Result "1-0"]
[WhiteTitle "IM"]
[BlackTitle "k"]
[WhiteElo "2171"]
[BlackElo "2107"]

1. e4 c5 2. Nc3 d6 3. f4 Nc6 4. Nf3 g6 5. Bc4 Bg7 6. O-O e6 7. d3 Nge7 8. Qe1 Nd4
9. Nxd4 cxd4 10. Ne2 O-O 11. Bb3 Kh8 12. Qf2 Nc6 13. Ng3 Ne7 14. Bd2 Bd7 15. Rae1
b5 16. Bb4 Qb6 17. f5 exf5 18. exf5 Nxf5 19. Nxf5 Bxf5 20. Qf4 Rad8 21. Re7 a5
22. Bd2 d5 23. a3 Kg8 24. Qh4 a4 25. Ba2 Bf6 26. Bg5 Bxg5 27. Qxg5 Qd6 28. Rb7
Qc6 29. Re7 Be6 30. Rf6 Rde8 31. Rxe8 Rxe8 32. Rf2 Qd6 33. Qf6 Qc5 34. h3 Bf5
35. g4 Be6 36. Kg2 Rc8 37. h4 Rf8 38. h5 Re8 39. h6 Qf8 40. g5 Rb8 41. Qxd4 b4
42. c3 bxc3 43. bxc3 f5 44. Bxd5 Bxd5+ 45. Qxd5+ Qf7 46. Qxf7+ Kxf7 47. Rf4 Rb3
48. Rxa4 Rxc3 49. Ra7+ Kg8 50. Rg7+ Kh8 51. a4 Rxd3 52. a5 Ra3 53. Ra7 Kg8 54.
a6 f4 55. Rg7+ Kh8 56. Rb7 f3+ 57. Kf2 Rxa6 58. Rb8# 1-0

[Event "DRUZYNOWE MISTRZOSTWA POLSKI - II LIGA 2018"]
[Site "Jastrzebia Gora"]
[Date "1899-12-30"]
[Round "3.58"]
[White "Lukasiewicz, Anna"]
[Black "Guzik, Jolanta"]
[Result "0-1"]
[WhiteTitle "m"]
[BlackTitle "WFM"]
[WhiteElo "2094"]
[BlackElo "1992"]

1. e4 e5 2. Nf3 Nc6 3. Bb5 Nge7 4. O-O g6 5. c3 Bg7 6. d4 exd4 7. cxd4 d5 8. exd5
Nxd5 9. Re1+ Be6 10. Bg5 Qd6 11. Nc3 Nxc3 12. bxc3 O-O 13. Qd2 a6 14. Bf4 Qd7
15. Bxc6 Qxc6 16. Ne5 Qa4 17. Nd3 Qc6 18. Be5 Rad8 19. Rac1 Bxe5 20. Nxe5 Qd5
21. Qh6 Rfe8 22. h4 Qd6 23. Re3 Qf8 24. Qf4 f6 25. Nf3 Qf7 26. a4 Kg7 27. a5 h5
28. c4 Bxc4 29. Rec3 Bd5 30. Rxc7 Re7 31. Rxe7 Qxe7 32. Ne1 Bc6 33. Nd3 Rd5 34.
Re1 Qd6 35. Qe3 Rxd4 36. Nc1 Re4 37. Qc3 Rxe1+ 38. Qxe1 Kf7 39. Qc3 Qd1+ 40. Kh2
Qg4 41. Qg3 Qxg3+ 42. Kxg3 Ke6 43. f3 Ke5 44. Nd3+ Kd4 45. Nf4 Be8 46. Ne6+ Kc4
47. Kf4 Kb4 48. g4 hxg4 49. fxg4 Kxa5 50. Ng7 Bf7 51. h5 gxh5 52. Nxh5 b5 53.
Nxf6 Kb4 54. Ne4 a5 55. Nd6 Be6 56. g5 a4 57. g6 a3 58. Nf7 a2 59. Ke5 Bb3 60.
Kd4 0-1

[Event "DRUZYNOWE MISTRZOSTWA POLSKI - II LIGA 2018"]
[Site "Jastrzebia Gora"]
[Date "1899-12-30"]
[Round "3.59"]
[White "Siedlinski, Piotr"]
[Black "Jankowiak, Piotr"]
[Result "0-1"]
[WhiteTitle "k"]
[BlackTitle "I+"]
[WhiteElo "2081"]
[BlackElo "1925"]

1. e4 e5 2. Nf3 Nc6 3. Bb5 a6 4. Bxc6 dxc6 5. d4 exd4 6. Qxd4 Qxd4 7. Nxd4 Bd7
8. Be3 O-O-O 9. Nc3 Ne7 10. O-O-O Ng6 11. Nde2 Be7 12. f4 Rhe8 13. Bd4 f6 14.
f5 Nh8 15. g4 Nf7 16. Ng3 c5 17. Bf2 Bc6 18. Rxd8+ Kxd8 19. Rd1+ Kc8 20. Re1 b6
21. Nh5 Bf8 22. Nf4 Ng5 23. Nfd5 Bxd5 24. exd5 Rxe1+ 25. Bxe1 Bd6 26. h4 Nf3 27.
Bf2 Nh2 28. g5 fxg5 29. h5 Ng4 30. Ne4 Nf6 31. Nxf6 Bf4+ 32. Kd1 gxf6 33. c4 Kd7
34. Ke2 Kd6 35. Kf3 Ke5 36. Kg4 Ke4 37. Be1 Be5 38. b3 Kd3 39. a4 a5 0-1

[Event "DRUZYNOWE MISTRZOSTWA POLSKI - II LIGA 2018"]
[Site "Jastrzebia Gora"]
[Date "1899-12-30"]
[Round "3.60"]
[White "Czarniecka, Aleksandra"]
[Black "Pluta, Natalia"]
[Result "1/2-1/2"]
[WhiteTitle "k"]
[BlackTitle "I++"]
[WhiteElo "1822"]
[BlackElo "1816"]

1. e4 c5 2. Nf3 d6 3. d4 cxd4 4. Nxd4 Nf6 5. Nc3 g6 6. Be2 Bg7 7. O-O O-O 8. Re1
Nc6 9. Nb3 Be6 10. Bf1 Rc8 11. Bg5 h6 12. Bf4 Re8 13. Nd5 Kh7 14. c3 Na5 15. Nxa5
Qxa5 16. b4 Qd8 17. Rc1 Nd7 18. c4 a5 19. a3 Bb2 20. Rb1 Bxa3 21. bxa5 Qxa5 22.
Rxb7 Bc5 23. Bd2 Qa6 24. Rb3 Qa7 25. Be3 Bxe3 26. Rbxe3 Ne5 27. Rc3 Qa5 28. Qc1
Bxd5 29. exd5 Rc7 30. Qe3 Ng4 31. Qd4 Nf6 32. Rec1 Rec8 33. Rf3 Qc5 34. Qb2 Kg8
35. Re1 Ng4 36. Qd2 Kg7 37. Qf4 f5 38. Rg3 Rf8 39. Re6 g5 40. Qd2 Nf6 41. h4 Ne4
42. Qb2+ Rf6 43. Rxe4 fxe4 44. hxg5 hxg5 45. Rxg5+ Kf8 46. Qd2 Ra7 47. Rg4 e3
48. Qxe3 Qxe3 49. fxe3 Ra3 50. Re4 Ra1 51. Rf4 Rxf4 52. exf4 Ra2 53. g4 Rd2 54.
f5 Rd4 55. Be2 Kg7 56. Kf2 Rd2 57. Ke3 Ra2 58. g5 Ra3+ 59. Bd3 Ra1 60. Kf4 Rd1
61. Ke4 Rg1 62. Kf4 Rd1 63. Ke4 Rg1 64. Kf4 Rd1 65. Ke4 1/2-1/2

[Event "DRUZYNOWE MISTRZOSTWA POLSKI - II LIGA 2018"]
[Site "Jastrzebia Gora"]
[Date "1899-12-30"]
[Round "3.61"]
[White "Zaskalski, Arkadiusz"]
[Black "Kozak, Antoni"]
[Result "0-1"]
[WhiteTitle "k"]
[BlackTitle "k"]
[WhiteElo "2186"]
[BlackElo "2231"]

1. Nf3 Nf6 2. c4 c5 3. g3 Nc6 4. Nc3 d5 5. cxd5 Nxd5 6. Bg2 Nc7 7. O-O e5 8. b3
Be7 9. Bb2 O-O 10. Rc1 f6 11. Ne1 Qe8 12. Nd3 Be6 13. f4 exf4 14. Nxf4 Bf7 15.
Ncd5 Nxd5 16. Nxd5 Rd8 17. Nxe7+ Qxe7 18. Ba3 Nb4 19. Bxb4 cxb4 20. e3 Rd3 21.
Rf2 Rfd8 22. Qe1 h5 23. Bf1 R3d6 24. Bc4 h4 25. Bxf7+ Kxf7 26. gxh4 Rd3 27. Rg2
Qd6 28. Rc2 Qe5 29. Qc1 R8d7 30. Qb2 Qh5 31. Rc1 Qxh4 32. Qc2 Qe4 33. Qc4+ Qxc4
34. Rxc4 Rxd2 35. Rxd2 Rxd2 36. Rxb4 b6 37. a4 Re2 38. a5 bxa5 39. Rb7+ Kg6 40.
Rxa7 Rxe3 41. Rxa5 Rxb3 42. Kg2 f5 43. Ra7 Kf6 44. Ra6+ Kg5 45. Ra7 g6 46. Ra6
Kh5 47. Rf6 Rb5 48. Ra6 Rb2+ 49. Kg3 Rb3+ 50. Kg2 Rb2+ 51. Kg3 g5 52. Ra8 f4+
53. Kf3 Rb3+ 54. Kg2 Kg4 55. Ra2 Kh4 56. Ra8 Rb2+ 57. Kg1 Kh3 58. Ra3+ Kg4 59.
h3+ Kh4 60. Rc3 Re2 61. Rc5 Re3 0-1

[Event "DRUZYNOWE MISTRZOSTWA POLSKI - II LIGA 2018"]
[Site "Jastrzebia Gora"]
[Date "1899-12-30"]
[Round "3.62"]
[White "Sendera, Jaroslaw"]
[Black "Jaskolka, Tomasz"]
[Result "0-1"]
[WhiteTitle "FM"]
[BlackTitle "k+"]
[WhiteElo "2269"]
[BlackElo "2177"]

1. e4 e6 2. Nf3 d5 3. Nc3 Nf6 4. e5 Nfd7 5. d4 c5 6. dxc5 Nc6 7. Bf4 Bxc5 8. Bd3
f6 9. exf6 Nxf6 10. Qe2 O-O 11. O-O-O Qa5 12. Kb1 Nb4 13. a3 Nxd3 14. Rxd3 b5
15. Ne5 b4 16. Nc6 Qb6 17. Nxb4 Bd7 18. Be5 a5 19. Nba2 Bc6 20. Rhd1 Be8 21. Ka1
Bxf2 22. Rf1 Bc5 23. Rg3 Be7 24. Nc1 Bg6 25. Nd3 Nd7 26. Rxf8+ Rxf8 27. Nf4 Nxe5
28. Qxe5 Bf6 29. Qxe6+ Qxe6 30. Nxe6 Re8 31. Nf4 Re1+ 32. Ka2 Bxc2 33. Nfxd5 Bd4
34. b4 a4 35. Rg4 Bb3+ 36. Kb2 Be5 37. Ne7+ Kf7 38. Nc6 Re2+ 0-1